000 00854nam a2200265 i 4500
001 bg
100 1 _aPODBIELKOWSKI, Zbigniew.
245 1 0 _aFitogeografia części świata.
_nT. 1,
_pEuropa, Azja, Afryka /
_cZbigniew Podbielkowski.
250 _aWyd. 3.
260 _aWarszawa :
_bWydaw. Naukowe PWN,
_c2002.
300 _a402, [2] s. :
_bil., mapy ;
_c24 cm.
504 _aIndeksy.
650 9 _aRośliny
_xgeografia
655 _aPodręczniki akademickie
020 _a8301138890 (t. 1)
020 _a8301138912 (2 t.)
040 _cBPK
041 0 _apol
080 _a581.9(075.8)
920 _a83-01-13889-0 (t. 1)
920 _a83-01-13891-2 (2 t.)
942 _cKS
008 s pl f |000 0 pol
999 _c43128
_d43128
856 _uhttp://koha.tu.koszalin.pl/cgi-bin/koha/opac-detail.pl?biblionumber=43128
_yKatalog online BPK